000 00426nam a2200157 i 4500
001 32282
003 ES-MaACL
005 20230906154538.0
007 t|
008 030130s1973 sp ||||1| spa d
100 1 _aBenito, Ángel.
_927655
245 1 0 _aTeoría general de la información /
_cAngel Benito.
260 _aMadrid, etc. :
_bGuadiana,
_c[1973]
300 _a1 v. ;
_c21 cm.
852 _aES-MaACL
_jP-1761
_bR.88485
999 _c32282
_d32282